Minecraft Mobs: Magma Cube - Statistics

General Stats
  • This quiz has been taken 5 times
  • The average score is 5 of 12
Answer Stats
Question Answer % Correct
How many health points does a small magma cube have? 1
100%
How many health points does a big magma cube have? 16
80%
How many health points does a medium magma cube have? 4
80%
What's the only structure a blaze can naturally spawn in? Nether Fortress
60%
What is one biome a magma cube can spawn in? Basalt Deltas | Nether Wastes
40%
What family of items do magma cubes drop when killed by a frog? Froglight
40%
What item do magma cubes drop when killed by the player? Magma Cream
40%
What structure and variant contains a magma cube spawner? Treasure Bastion Remnant
40%
What is a big magma cube's height in blocks? 2.08
20%
What is a small magma cube's height in blocks? 0.52
0%
What is a medium magma cube's height in blocks? 1.04
0%
What advancement do you get for holding all three of those items at once? With Our Powers Combined!
0%
No matching quizzes found
Score Distribution
Percent of People with Each Score
Percentile by Number Answered
Your Score History
You have not taken this quiz